Estadísticas para Porteros menos goleados en liga

Haz click aquí para intentar la prueba.

Estadísticas generales

  • Esta prueba ha sido intentada 83 veces
  • La puntuación promedio es 17 de 32

Estadísticas de respuestas

TemporadaJugador% Correcto
2007-08Casillas
94%
2012-13Courtois
91%
2019-20Courtois
91%
2013-14Courtois
91%
2011-12Victor Valdés
90%
2010-11Victor Valdés
90%
2009-10Victor Valdés
90%
2008-09Victor Valdés
90%
2004-05Victor Valdés
90%
2020-21Oblak
82%
2018-19Oblak
82%
2017-18Oblak
82%
2016-17Oblak
82%
2015-16Oblak
82%
2014-15Claudio Bravo
62%
2001-02Cañizares
60%
2003-04Cañizares
60%
2000-01Cañizares
60%
1992-93Liaño/ Cañizares
60%
2005-06Pinto
49%
2021-22Bono
47%
1991-92Buyo
29%
1993-94Liaño
16%
2006-07Abbondanzieri
15%
1990-91Abel Resino
13%
1995-96Molina
13%
1996-97Songo´o
13%
1998-99Roa
4%
2002-03Cavallero
3%
1999-00Herrera
3%
1994-95Jaro
3%
1997-98Toni
3%

Distribución de puntuación

Porcentaje por número respondido

Porcentaje de gente con cada puntuación

Historial de tus puntuaciones

No has intentado esta prueba.